| 000 | 00000nam 2200000zi 4500 |
| 001 | 9.895259 |
| 003 | CaOODSP |
| 005 | 20230501140227 |
| 006 | m o d f |
| 007 | cr bn||||||||| |
| 008 | 210113s2021 onc ||fb|| 0||n| eng |
| 020 | |a9780660371054 |
| 040 | |aCaOODSP|beng|erda|cCaOODSP |
| 043 | |an-cn--- |
| 086 | 1 |aT52-4/110-3-2021E-PDF |
| 245 | 00|aHuman factors for aviation : |binstructor's guide / |csubmitted by Air Canada Human Factors Project Team. |
| 264 | 1|a[Ottawa] : |bTransport Canada = Transports Canada, |c2021. |
| 300 | |a1 online resource (vi, 70 pages) |
| 336 | |atext|btxt|2rdacontent |
| 337 | |acomputer|bc|2rdamedia |
| 338 | |aonline resource|bcr|2rdacarrier |
| 500 | |aIssued also in French under title: Facteurs humains pour l'aviation : guide de l'instructeur. |
| 500 | |aCover title. |
| 500 | |aPublication removed at request of publisher due to copyright issues, 2023-05-01. |
| 504 | |aIncludes bibliographical references (pages 68-69). |
| 650 | 0|aAirplanes|xPiloting|xHuman factors|xStudy and teaching|zCanada. |
| 650 | 0|aAeronautics|xHuman factors|xStudy and teaching|zCanada. |
| 710 | 1 |aCanada. |bTransport Canada, |eissuing body. |
| 775 | 08|tFacteurs humains pour l'aviation : |w(CaOODSP)9.895262 |
| 776 | 0#|tHuman factors for aviation : |w(CaOODSP)9.895260 |